000 00361nam a2200145 i 4500
001 bg
100 1 _aKOLUPA, Michał
245 0 _aElementany wykład algebry liniowej dla ekonomistów /
_cMichał Kolupa.
250 _aWyd.4 zm.
260 _aWarszawa,
_c1973.
040 _cBPK
041 _apol
942 _cKS
008 s pl f |000 0 pol
999 _c26519
_d26519
856 _uhttp://koha.tu.koszalin.pl/cgi-bin/koha/opac-detail.pl?biblionumber=26519
_yKatalog online BPK